00539nam a2200121Ia 4500008004100000100003100041245013200072245007500204260005300279260000900332650001500341856006100356170221s9999 xx 000 0 und d aMohamed Abdellatif Abu Auf 4aThe Relationship between Word of Mouth and Consumer Buying Behavior Mediating by Religious Orientation in Riyadh, Saudi Arabia  cMohamed Abdellatif Abu Auf, Salniza Bt Md. Salleh, Rushami Zien Yusoff bInternational Review of Management and Marketing c2013 xMarketing. uhttp://www.econjournals.com/index.php/irmm/issue/view/88